| 000 | 00535nam a22002057a 4500 | ||
|---|---|---|---|
| 003 | OSt | ||
| 005 | 20180116182959.0 | ||
| 008 | 140827b xxu||||| |||| 00| 0 eng d | ||
| 040 | _c0 | ||
| 050 | _a351 | ||
| 082 | _a351 | ||
| 100 | _aPollitt,Christopher | ||
| 245 |
_aContinuity and Change in Public Policy and Management. _cChristopher Pollitt. |
||
| 260 |
_aU.S.A _bEdward Elgar _c2011 |
||
| 300 | _a223p. | ||
| 500 | _aPaper Cover | ||
| 600 | _aPollitt,Christopher | ||
| 700 | _aPollitt,Christopher | ||
| 942 |
_2ddc _cBK _k351 |
||
| 999 |
_c349767 _d349767 |
||